Hindi cinema ke kuchh jane-anjane fankar (Record no. 4349)
[ view plain ]
| 000 -LEADER | |
|---|---|
| fixed length control field | 00476nam a2200181Ia 4500 |
| 008 - FIXED-LENGTH DATA ELEMENTS--GENERAL INFORMATION | |
| fixed length control field | 230917s9999||||xx |||||||||||||| ||und|| |
| 020 ## - ISBN | |
| Price | RS 350.00 |
| 040 ## - CATALOGING SOURCE | |
| -- | 5006579 |
| Original cataloging agency | VIVEKANANDA LIBRARY |
| 041 ## - Language | |
| -- | English |
| 082 ## - DDC NUMBER | |
| Classification number | 791.430954 H176H |
| 100 ## - MAIN ENTRY--PERSONAL NAME | |
| Personal name | Hameed, Javed |
| 245 #0 - TITLE STATEMENT | |
| Title | Hindi cinema ke kuchh jane-anjane fankar |
| 250 ## - EDITION STATEMENT | |
| Edition statement | Latest edition ed. |
| 260 ## - PUBLICATION, DISTRIBUTION, ETC. (IMPRINT) | |
| Name of publisher, distributor, etc | Anyan |
| Date of publication, distribution, etc | 2020 |
| 300 ## - PHYSICAL DESCRIPTION | |
| Pages | 152 p. |
| 500 ## - GENERAL NOTE | |
| General note | 4350 10/01/2022 NKP22/708 12/01/2022 Main Budget |
| 942 ## - ADDED ENTRY ELEMENTS (KOHA) | |
| Koha item type | Books |
| Withdrawn status | Lost status | Damaged status | Not for loan | Location (home branch) | Sublocation or collection (holding branch) | Date acquired | Koha issues (times borrowed) | Koha full call number | Accession No. | Koha date last seen | Koha item type |
|---|---|---|---|---|---|---|---|---|---|---|---|
| VIVEKANANDA LIBRARY | VIVEKANANDA LIBRARY | 25/02/2022 | 1 | 791.430954 H176H | 393692 | 12/12/2023 | Books |
